Mircea (Record no. 17995)

MARC details
000 -LEADER
campo de control de longitud fija 00733nam a2200241 i 4500
001 - NÚMERO DE CONTROL
campo de control 17995
003 - IDENTIFICADOR DE NÚMERO DE CONTROL
campo de control ES-MaACL
005 - FECHA Y HORA DE LA ÚLTIMA TRANSACCIÓN
campo de control 20230906151732.0
007 - CAMPO FIJO DE DESCRIPCIÓN FÍSICA--INFORMACIÓN GENERAL
campo de control de longitud fija t|
008 - DATOS DE LONGITUD FIJA--INFORMACIÓN GENERAL
campo de control de longitud fija 010808s2000 sp ||||1| spa d
020 ## - NÚMERO INTERNACIONAL ESTÁNDAR DEL LIBRO
Número Internacional Estándar del Libro 84-7245-480-0
080 ## - NÚMERO DE LA CLASIFICACIÓN DECIMAL UNIVERSAL
Número de la Clasificación Decimal Universal 821.21-94"19"
100 1# - ENTRADA PRINCIPAL--NOMBRE DE PERSONA
Nombre de persona Devi, Maitreyi.
9 (RLIN) 44004
245 10 - MENCIÓN DEL TÍTULO
Título Mircea
Resto del título : una historia de amor /
Mención de responsabilidad, etc. Maitreyi Devi ; traducción del inglés y notas de Nicole d'Amonville Alegría.
250 ## - MENCION DE EDICION
Mención de edición 1ª ed.
260 ## - PUBLICACIÓN, DISTRIBUCIÓN, ETC.
Lugar de publicación, distribución, etc. Barcelona :
Nombre del editor, distribuidor, etc. Kairós,
Fecha de publicación, distribución, etc. 2000.
300 ## - DESCRIPCIÓN FÍSICA
Extensión 285 p. ;
Dimensiones 20 cm.
490 1# - MENCIÓN DE SERIE
Mención de serie Kairós Literatura
700 1# - ENTRADA AGREGADA--NOMBRE PERSONAL
Nombre de persona Amonville Alegría, Nicole d'.
9 (RLIN) 21286
830 0# - PUNTO DE ACCESO ADICIONAL DE SERIE-TÍTULO UNIFORME
Título uniforme Kairós Literatura
9 (RLIN) 180367
852 ## - LOCALIZACIÓN
Ubicación ES-MaACL
Número de control de estantería L-24766
Sublocalización o colección R.129979
Holdings
Estatus retirado Estado de pérdida Estado de daño No para préstamo Biblioteca de origen Biblioteca actual Ubicación en estantería Fecha de adquisición Fuente de adquisición Total de préstamos Signatura topográfica completa Código de barras Visto por última vez Precio de reemplazo Tipo de ítem Koha
        Biblioteca del Ateneo de Madrid Biblioteca del Ateneo de Madrid Depósito 2 17/01/2008     L-24766 1018386 23/02/2023 23/02/2023 Libro impreso